Koca Ragıp Paşa-büyük Friedrich 18 inci asırda ve garp alemine kısa bir bakış; Türkiye-Prusya münasebetlerinin başlangıç ve 1765 senesine kadar inkişafı; Balkan harbinin teşekkülü ve bu harbin zuhuru; 1841 boğazlar muhavelesi büyük devletlerin Akdenizde mücadelesi (1839-1841) ve İngilterenin Palmerston'un politikesiyle kat'i zaferi ; Fransız dil ve edebiyatı Chateau Briand ; Budhislik ve Şamanlık (Record no. 7412)

MARC details
000 -BAŞLIK
Sabit Uzunlukta Kontrol Alanı 02909na a2200529 4500
001 - KONTROL NUMARASI
Denetim Alanı 16386
003 - KONTROL NUMARASI IDENTIFIER
Denetim Alanı MIRAKIL
005 - SON İŞLEM TARİHİ VE ZAMANI
Denetim Alanı 20181213155138.0
008 - SABİT-BOY VERİ ELEMANLARI - GENEL BİLGİLER
Sabit Uzunlukta Kontrol Alanı 170213b tu 000 0
035 ## - SİSTEM KONTROL NUMARASI
Sistem Kontrol Numarası 16386
040 ## - KATALOGLAMA KAYNAK
Orijinal Kataloglama Ajansı Milas
Kataloglama Dili tur
Metne Dönüştürmek Ajansı TR-AnCHP
041 ## - DİL KODU
Metin / Ses Parça Veya Ayrı Başlığın Dil Kodu tur
082 ## - DEWEY ONLU SINIFLANDIRMA NUMARASI
Sınıflandırma Numarası CHP 324.217207
Ürün Numarası B29c 1939
090 ## - SINIFLAMA NUMARASI
Sınıflama Numarası CHP 324.217207 B29c 1939
100 ## - ANA GİRİŞ - KİŞİSEL İSİM
Kişisel Ad Baykal, Bekir Sıtkı
222 ## - ANAHTAR ADI
Anahtar Başlık Cumhuriyet Halk Partisi Konferansları
245 ## - BAŞLIK TABLOSU
Başlık Koca Ragıp Paşa-büyük Friedrich 18 inci asırda ve garp alemine kısa bir bakış; Türkiye-Prusya münasebetlerinin başlangıç ve 1765 senesine kadar inkişafı; Balkan harbinin teşekkülü ve bu harbin zuhuru; 1841 boğazlar muhavelesi büyük devletlerin Akdenizde mücadelesi (1839-1841) ve İngilterenin Palmerston'un politikesiyle kat'i zaferi ; Fransız dil ve edebiyatı Chateau Briand ; Budhislik ve Şamanlık
Sorumluluk Tablosu, Vb Bekir Sıtkı Baykal; Cemal Tukin; Şinasi Altundağ; Houille; Walter Ruben
260 ## - YAYIN, DAĞITIM, VB
Yayın, Dağıtım, Vb Yeri [Ankara ]
Yayıncı, Dağıtıcı, Vs Adı CHP
Yayın, Dağıtım, Vb Tarihi 1939
Üretici Firma Recep Ulusoğlu Basımevi
300 ## - FİZİKSEL TANIM
Kapsam 107 s.
Boyutlar 23 sm.
440 ## - SERİSİ TABLOSU / KATMA GİRİŞİ - BAŞLIK
Başlık C.H.P.
Bir İşin Parçası / Bölümün İsmi Konferanslar serisi
Hacim / Ardışık Tanımı 5
500 ## - GENEL NOT
Genel Not Yapıt, yazarların konferans konuşmalarını içermektedir
500 ## - GENEL NOT
Genel Not Halk Evlerinde verilen konferans metinleridir.
505 ## - BİÇİMLENDİRİLDİ İÇİNDEKİLER NOT
Biçimlendirilmiş İçeriği Dikkat Koca Ragıp Paşa-büyük Friedrich 18 inci asırda ve garp alemine kısa bir bakış; Türkiye-Prusya münasebetlerinin başlangıç ve 1765 senesine kadar inkişafı/Bekir Sıdkı Baykal; Balkan harbinin teşekkülü ve bu harbin zuhuru/Cemal Tukin; 1841 boğazlar muhavelesi büyük devletlerin Akdenizde mücadelesi (1839-1841) ve İngilterenin Palmerston'un politikesiyle kat'i zaferi/Şinasi Altundağ; Fransız dil ve edebiyatı Chateau Briand/ Hauille; Budhislik ve Şamanlık/ Walter Ruben
600 ## - KONU KATMA GİRİŞ - KURUMSAL ADI
Kişisel Ad Koca Ragıp Paşa
Bir Adıyla İlişkilendirilen Tarihler 1698-1763
600 ## - KONU KATMA GİRİŞ - KURUMSAL ADI
Kişisel Ad Chateaubriand, François-René de
Bir Adıyla İlişkilendirilen Tarihler 1768-1848
610 ## - KONU KATMA GİRİŞ - TOPLANTI ADI
Giriş Elemanı Olarak Kurumsal Ad Veya Yargı Alanı Adı Cumhuriyet Halk Partisi (CHP)
Genel Alt Bölüm Konferanslar ve seminerler
610 ## - KONU KATMA GİRİŞ - TOPLANTI ADI
Giriş Elemanı Olarak Kurumsal Ad Veya Yargı Alanı Adı Halkevleri
650 ## - KONU KATMA GİRİŞ - TOPİKAL DÖNEM
Topikal Süreli Veya Coğrafi Ad Giriş Elemanı Tarih
Genel Alt Bölümü Prusya Devleti
650 ## - KONU KATMA GİRİŞ - TOPİKAL DÖNEM
Topikal Süreli Veya Coğrafi Ad Giriş Elemanı Balkan Savaşı
Aktif Tarihleri 1912-1913
650 ## - KONU KATMA GİRİŞ - TOPİKAL DÖNEM
Topikal Süreli Veya Coğrafi Ad Giriş Elemanı Boğazlar Sözleşmesi
650 ## - KONU KATMA GİRİŞ - TOPİKAL DÖNEM
Topikal Süreli Veya Coğrafi Ad Giriş Elemanı Fransız dili ve edebiyatı
650 ## - KONU KATMA GİRİŞ - TOPİKAL DÖNEM
Topikal Süreli Veya Coğrafi Ad Giriş Elemanı Budizm
650 ## - KONU KATMA GİRİŞ - TOPİKAL DÖNEM
Topikal Süreli Veya Coğrafi Ad Giriş Elemanı Şamanizm
700 ## - KATMA GİRİŞ - KİŞİSEL İSİM
Kişisel Ad Tukin, Cemal
700 ## - KATMA GİRİŞ - KİŞİSEL İSİM
Kişisel Ad Altundağ, Şinasi
700 ## - KATMA GİRİŞ - KİŞİSEL İSİM
Kişisel Ad Ruben, Walter
700 ## - KATMA GİRİŞ - KİŞİSEL İSİM
Kişisel Ad Houille
740 ## - KATMA GİRİŞ - KONTROLSUZ İLGİLİ / ANALİTİK BAŞLIK
Kontrol Edilmeyen / İlgili Analitik Başlıktaki Koca Ragıp Paşa-büyük Friedrich 18 inci asırda ve garp alemine kısa bir bakış; Türkiye-Prusya münasebetlerinin başlangıç ve 1765 senesine kadar inkişafı
740 ## - KATMA GİRİŞ - KONTROLSUZ İLGİLİ / ANALİTİK BAŞLIK
Kontrol Edilmeyen / İlgili Analitik Başlıktaki Balkan harbinin teşekkülü ve bu harbin zuhuru
740 ## - KATMA GİRİŞ - KONTROLSUZ İLGİLİ / ANALİTİK BAŞLIK
Kontrol Edilmeyen / İlgili Analitik Başlıktaki 1841 boğazlar muhavelesi büyük devletlerin Akdenizde mücadelesi (1839-1841) ve İngilterenin Palmerston'un politikesiyle kat'i zafer
740 ## - KATMA GİRİŞ - KONTROLSUZ İLGİLİ / ANALİTİK BAŞLIK
Kontrol Edilmeyen / İlgili Analitik Başlıktaki Fransız dil ve edebiyatı Chateau Briand
740 ## - KATMA GİRİŞ - KONTROLSUZ İLGİLİ / ANALİTİK BAŞLIK
Kontrol Edilmeyen / İlgili Analitik Başlıktaki Budhislik ve Şamanlık
830 ## - SERİSİ EKLENDİ GİRİŞ - ÜNİFORM ADI
Üniforma Başlık CHP Yayınları
942 ## - EKLENDİ GİRİŞ ELEMANLARI (KOHA)
Sınıflandırma Veya Raf Düzeni Kaynak
Koha Öğesi Türü Books
999 ## - SİSTEM KONTROL NUMARALARI (KOHA)
Koha Biblionumber 7412
Koha Biblioitemnumber 7412
657 ## - INDEX SÜRE - İŞLEVİ
-- CHP konferansları
657 ## - INDEX SÜRE - İŞLEVİ
-- Halk Evleri
Holdings
Kalıcı Konum Mevcut Konum Edinme Tarihi Edinim Kaynak Toplam Check-Out'Lar Tam Çağrı Numarası Barkod Tarih Son Görülme Kopya Sayısı İtibaren Geçerli Fiyatlar Koha Öğesi Türü
CHP Kütüphanesi CHP Kütüphanesi 10/04/2016 Bağış   CHP 324.217207 B29c 1939 004374 10/04/2016 k.3 10/04/2016 Books
CHP Kütüphanesi CHP Kütüphanesi 10/04/2016 Bağış   CHP 324.217207 B29c 1939 004375 10/04/2016 k.2 10/04/2016 Books
CHP Kütüphanesi CHP Kütüphanesi 10/04/2016 Bağış   CHP 324.217207 B29c 1939 004376 10/04/2016   10/04/2016 Books